000 00594cam a2200193 a 4500
001 000018922
005 20200929165901.0
008 860919s1987 nyu 000 1 eng
010 _a86026025
020 _a0671463802
040 _aDO-SdBNP
_cDLC
_dDLC
050 0 0 _aPS3554.U493
_bR4 1987
100 1 _aDunne, John Gregory,
_d1932-2003.
_940727
245 1 4 _aThe red, white, and blue :
_ba novel /
_cby John Gregory Dunne.
260 _aNew York :
_bSimon and Schuster,
_cc1987.
300 _a475 p. ;
_c25 cm.
650 0 _aJournalists
_zUnited States
_xFiction.
_940728
082 0 0 _a813/.54
_219
999 _c18440
_d18440